01234cam a2200301 i 450000100060000000300080000600500170001400800390003102000170007003500190008704000230010604100080012908200270013710000270016424501590019126000900035030000680044049000870050850400200059565000400061565100320065565100360068765100270072383000120075070000420076270000480080483000800085226688BD-RjUL20211209051043.0140323s1979 enkaf b 001 0 eng a050099028X : a(BD-RJUL)26758 aDLCcDLCdDLCbeng aeng00a936.1132219bINV 19791 aRenfrew, Colin,d1937-10aInvestigations in Orkney /cby Colin Renfrew, with contributions from Judson T. Chesterman ... [et al.], and with appendices by M. J. Aitken ... [et al.]. aLondon :bSociety of Antiquaries of London : distributed by Thames and Hudson,c1979. axvi, 234 p., [27] leaves of plates (15 fold.) :bill. ;c28 cm.1 aReports of the Research Committee of the Society of Antiquaries of London ; no. 38 aIncludes index. 0aNeolithic periodzScotlandzOrkney. 0aQuanterness Site (Scotland) 0aOrkney (Scotland)xAntiquities. 0aScotlandxAntiquities. 0vno. 38.1 aChesterman, Judson T.,ejoint author.1 aAitken, M. J.q(Martin Jim),ejoint author. 0aReports of the Research Committee of the Society of Antiquaries of London ;